000 00609nam a22001937a 4500
003 NUST-PNEC
005 20170116180740.0
008 141214b xxu||||| |||| 00| 0 eng d
040 _cPNEC
082 _a005.42883 MSC
100 _91115
_aMSC
245 _aSCO XENIX system V operating system : user's reference.
_cMSC
260 _bSanta Cruz Operation,
_cc1986.
300 _a203 p.
_c24 cm
500 _aIncludes index.
650 _xMIS, Computer
856 _uhttps://www.worldcat.org/title/sco-xenix-system-v-operating-system-users-reference/oclc/31504366&referer=brief_results
942 _2ddc
_cBK
999 _c62170
_d62170